Normal view
MARC view
- الكفالة (قانون مدني ) -- مصر -- الكفالة ( قانزن مدني ) فرنسا -- القانون المدني المقارن
Entry Topical Term
001 - CONTROL NUMBER
- control field: 7636
003 - CONTROL NUMBER IDENTIFIER
- control field: JO-AjAnu
005 - DATE AND TIME OF LATEST TRANSACTION
- control field: 20230606071532.0
008 - FIXED-LENGTH DATA ELEMENTS
- fixed length control field: 230606|| aca||aabn | a|a d
040 ## - CATALOGING SOURCE
- Original cataloging agency: JO-AjAnu
- Transcribing agency: JO-AjAnu
150 ## - HEADING--TOPICAL TERM
- Topical term or geographic name entry element: الكفالة (قانون مدني ) -- مصر -- الكفالة ( قانزن مدني ) فرنسا -- القانون المدني المقارن
670 ## - SOURCE DATA FOUND
- Source citation: Work cat.: (JO-AjAnu)3948: سرور ، محمد شكري , author 7635, محاولة لتاصيل أحكام الكفالة العينية في القانون المدني المصرى والقانون المدني الفرنسي " دراسة مقارنة "